00477 2200193 4500001002100000005001500021008004100036020001800077035001900095041000700114082000800121090001400129100001500143245003600158260001600194300003400210500001700244650002200261INLIS00000000000213320241224112500241224||||||||| | ||| |||| || |  a979-3084-04-9 0010-1224002133 aid0 a610 a610 SAR m0 aB. Sarwono00aKhasiat dan Manfaat Jeruk Nipis adepokc2001 avii, 56 hlm. : ilus, ; 22 cm. aCet.3 Revisi 0aIlmu Keterampilan